LEADER 01243nam a2200265 i 4500 001 000000230875 003 CaOOAMICUS 005 20150929000000.0 008 150929s2014 be u000 u mul u 013 $a209777 020 $a978-2-503-55213-2 040 $aSeMil$bita 245 10$aLiber prefigurationum Christi et Ecclesie ; Liber de gratia Novi Testamenti ; Supplementum /$ccura et studio Greti Dinkova-Bruun. 260 $aTurnhout :$bBrepols,$c2014. 300 $a109 p. ;$c26 cm. 490 0 $aCorpus Christianorum. Continuatio Mediaevalis ;$v195. Supplementum 500 $aTesto latino, introduzione in inglese. 700 1 $aDinkova-Bruun, Greti.$0(OLS)http://semarc/name/51546 830 0$aCorpus Christianorum. Continuatio Mediaevalis ;$v195. Supplementum.$0(OLS)http://semarc/title/35 850 $aSeMil 852 $aSeMil$W1$xVenegono$y1$mSL2.G II 195/A$j181221$B181221$CSeMilBibl$Z2$F192065 $8I 961 $aSottoscrizione: Brepols 996 $6020$a978-2-503-55213-2$9(OLS)http://semarc/number/233864 996 $6245$aLiber prefigurationum Christi et Ecclesie ; Liber de gratia Novi Testamenti ; Supplementum$9(OLS)http://semarc/title/329822 996 $6260$aTurnhout :$bBrepols$9(OLS)http://semarc/publisher/29626 LEADER 00785nam a2200217 i 4500 001 000000059006 003 CaOOAMICUS 005 20121127000000.0 008 121127s1963 it u000 u ita u 013 $a30178 040 $aSeMil$bita 100 1 $aPetroncelli, Mario <1906-1986>.$0(OLS)http://semarc/name/23143 245 10$aDiritto canonico /$cMario Petroncelli. 250 $a6. edizione riveduta. 260 $aRoma :$bStudium,$ccopyr. 1963. 300 $a389 p. ;$c25 cm. 650 4$aDiritto canonico.$0(OLS)http://semarc/subject/207 850 $aSeMil 852 $aSeMil$W1$xVenegono$y1$m2J III 122$j25159$B25159$CSeMilBibl$Z2$F25162 $81 996 $6245$aDiritto canonico$9(OLS)http://semarc/title/92101 996 $6260$aRoma :$bStudium$9(OLS)http://semarc/publisher/29617